TH-MS-Pharmacological Role of Iburprofen in AICI3- induced Mouse Model of Alzheimer's Disease (Record no. 480850)
[ view plain ]
| 000 -LEADER | |
|---|---|
| fixed length control field | 00542nam a22001577a 4500 |
| 003 - CONTROL NUMBER IDENTIFIER | |
| control field | ASAB |
| 005 - DATE AND TIME OF LATEST TRANSACTION | |
| control field | 20180827062838.0 |
| 008 - FIXED-LENGTH DATA ELEMENTS--GENERAL INFORMATION | |
| fixed length control field | 180511t xxu||||| |||| 00| 0 eng d |
| 040 ## - CATALOGING SOURCE | |
| Transcribing agency | ASAB |
| 100 ## - MAIN ENTRY--PERSONAL NAME | |
| Personal name | AIsha Nasir Hashmi-sup-Dr. Touqeer Ahmed |
| 9 (RLIN) | 3899 |
| 245 ## - TITLE STATEMENT | |
| Title | TH-MS-Pharmacological Role of Iburprofen in AICI3- induced Mouse Model of Alzheimer's Disease |
| Statement of responsibility, etc. | AIsha Nasir Hashmi-sup-Dr. Touqeer Ahmed |
| 260 ## - PUBLICATION, DISTRIBUTION, ETC. | |
| Place of publication, distribution, etc. | Islamabad |
| Name of publisher, distributor, etc. | ASAB (NCVI) |
| Date of publication, distribution, etc. | 2013 |
| 300 ## - PHYSICAL DESCRIPTION | |
| Extent | xv, 113 P |
| Other physical details | 30 cm |
| 630 ## - SUBJECT ADDED ENTRY--UNIFORM TITLE | |
| Uniform title | Virology and Immunology |
| 9 (RLIN) | 3900 |
| 942 ## - ADDED ENTRY ELEMENTS (KOHA) | |
| Source of classification or shelving scheme | |
| Koha item type | |
| Withdrawn status | Lost status | Source of classification or shelving scheme | Damaged status | Not for loan | Collection code | Permanent Location | Current Location | Date acquired | Total Checkouts | Full call number | Barcode | Date last seen | Price effective from | Koha item type | Shelving location |
|---|---|---|---|---|---|---|---|---|---|---|---|---|---|---|---|
| Atta-ur-Rahman School of Applied Biosciences (ASAB) | Atta-ur-Rahman School of Applied Biosciences (ASAB) | 05/11/2018 | Thesis 2013 AH | ASABms-4-13 | 05/11/2018 | 05/11/2018 | |||||||||
| Central Library (CL) | Central Library (CL) | 01/29/2020 | 616 | CL-T-4851 | 01/29/2020 | 01/29/2020 | Thesis | Thesis |
